| 000 | 00630nam a2200229Ia 4500 | ||
|---|---|---|---|
| 003 | OSt | ||
| 005 | 20221005133632.0 | ||
| 006 | a|||||r|||| 00| 0 | ||
| 007 | ta | ||
| 008 | 221004b |||||||| |||| 00| 0 san d | ||
| 024 | _a64991 | ||
| 037 | _cTextual | ||
| 040 |
_aCRL _cCRL _bsan |
||
| 041 |
_2san _asan |
||
| 082 | _aB1x1:1, 152F5 | ||
| 100 |
_aभास्कराचार्य, ले. _9156384 |
||
| 245 | 0 | _aलीलावती | |
| 246 | _aLīlāvatī | ||
| 260 | _c1925 | ||
| 942 |
_hB1x1:1, 152F5 _cTEXL _2cc |
||
| 999 |
_c1067395 _d1067395 |
||